Captain underpants and the terrifying re-turn of tippy tinkle trousers / (Record no. 180616)

MARC details
000 -LEADER
fixed length control field 00601nam a22001937a 4500
005 - DATE AND TIME OF LATEST TRANSACTION
control field 20210812142912.0
010 ## - LCCN (DPL NO)
LC control number B-741097
020 ## - INTERNATIONAL STANDARD BOOK NUMBER
International Standard Book Number 9789390189007
Terms of availability 395.00
035 ## - SYSTEM CONTROL NUMBER
System control number B-741097
037 ## - SOURCE OF ACQUISITION
Source of stock number/acquisition Gift
082 ## - DEWEY DECIMAL CLASSIFICATION NUMBER
Classification number S
100 ## - MAIN ENTRY--PERSONAL NAME
Personal name Pilkey, Dav
245 ## - TITLE STATEMENT
Title Captain underpants and the terrifying re-turn of tippy tinkle trousers /
Statement of responsibility, etc by Dav Pilkey
260 ## - PUBLICATION, DISTRIBUTION, ETC. (IMPRINT)
Place of publication, distribution, etc New York
Name of publisher, distributor, etc Scholastic
Date of publication, distribution, etc 2012
270 ## - ADDRESS
Address 557 Broadway
City New York
300 ## - PHYSICAL DESCRIPTION
Extent 290p.:
Other physical details ill.
Dimensions 21cm(pbk)
942 ## - ADDED ENTRY ELEMENTS (KOHA)
Source of classification or shelving scheme Dewey Decimal Classification
Item type Children Books
Call number suffix PIL
Classification part S
Holdings
Withdrawn status Lost status Not for loan Collection code Home library Current library Date acquired Source of acquisition Cost, normal purchase price Full call number Barcode Copy number Cost, replacement price Koha item type Public note
      Fiction Central Library Central Library 12/08/2021 Gift/Eng/09-08-2021 395.00 S PIL B-741097 1 395.00 Children Books Gift

© Delhi Public Library
Hit Counter
free hit counter